000 00370nam a2200145Ia 4500
008 230917s9999||||xx |||||||||||||| ||und||
040 _e194816
_aMAIN
041 _aEnglish
082 _a647.94 S27H
100 _aSiguaw, Judy A
245 0 _aHospitality sales : Selling smarter
260 _aNew York
_bDelmar Learning
_c2004
300 _aviii, 204 p.
942 _cBK
999 _c164910
_d164910